000 01146nam a2200301 a 4500
001 ebr10076742
003 CaPaEBR
006 m u
007 cr cn|||||||||
008 020710s2002 enka sb 001 0 eng d
015 _aGBA1-Y7372
020 _z0761970053
020 _z0761970061 (PBK.)
040 _aCaPaEBR
_cCaPaEBR
035 _a(OCoLC)70773917
050 1 4 _aHD58.7
_b.A4736 2002eb
082 0 4 _a302.3/5
_221
100 1 _aAlvesson, Mats,
_d1956-
245 1 0 _aUnderstanding organizational culture
_h[electronic resource] /
_cMats Alvesson.
260 _aLondon ;
_aThousand Oaks, Calif. :
_bSAGE,
_c2002.
300 _avi, 214 p. :
_bill.
504 _aIncludes bibliographical references (p. [196]-208) and index.
533 _aElectronic reproduction.
_bPalo Alto, Calif. :
_cebrary,
_d2013.
_nAvailable via World Wide Web.
_nAccess may be limited to ebrary affiliated libraries.
650 0 _aCorporate culture.
655 7 _aElectronic books.
_2local
710 2 _aebrary, Inc.
856 4 0 _uhttp://site.ebrary.com/lib/rucke/Doc?id=10076742
_zAn electronic book accessible through the World Wide Web; click to view
999 _c73981
_d73981